000 00976nam a22002417a 4500
999 _c19208
_d19208
003 AR-CdUCM
008 190516b ||||| |||| 00| 0 spa d
020 _a84-376-0126-6
040 _aMUNICIPALIDAD PROVINCIAL DEL CUSCO
_cBIBLIOTECA MUNICIPAL DEL CUSCO
041 _hrum
082 _a410 /
_bM22
100 _aManoliu, María
_940413
245 _aEl estructuralismo lingüístico /
260 _aMadrid :
_bEdiciones Cátedra,
_c1973.
300 _a267 páginas ;
_bdiagramas,
_c22 cm.
505 _aContenido: Esbozo histórico -- Sistema estructura -- Relata y relaciones -- La formalización de la lingüística -- Estructura y génesis -- Los universales lingüísticos -- Teoría de la lengua y la gramática -- La semiotización de las ciencias.
650 _aLingüística estructural
_936588
650 _aTeoría
_95077
650 _aLenguaje
_95227
700 _aNedelcu, Mónica (traducción)
_940414
942 _2ddc
_cLIBROS
945 _aachl
_d2019-05-16